Quizzes
Events
Quiz Creation
Community
Videos
Private Events
Remove Ads
Sign In
Join for FREE
Feedback
Dark Mode
Quiz Categories
Sports
Geography
Music
Movies
Television
Just For Fun
Miscellaneous
History
Literature
Language
Science
Gaming
Entertainment
Religion
Holiday
For Kids
Quiz Lab
Recent
Popular Today
Quiz Kudos Today
Editor Picks
Curator Picks
Quizzes by...
Day
Popularity
Type
Ratings
Length
Year
Community
Subscriptions
Recent Discussions
Orange Saloon
Badges
Playlists
Quests
Create
Leaderboards
Showdown
Live 5
Trivia Bingo
Activity
Puzzle Library
Sporcle Events
Private Events
Virtual Trivia
Globe League
Become a Host
Pub Owners
SporcleCon
Opinionation
Our Games
Videos
Blog
Mobile Apps
Partnerships
Remove Ads and Go Orange
Feedback
Gaming
Video Games
Board Games
Card Games
Pokémon
Mario
Nintendo
Minecraft
Console
Toys
Legend of Zelda
Gaming
Video Games
Board Games
Card Games
Pokémon
Mario
Nintendo
Minecraft
Console
Toys
Legend of Zelda
Random Quiz
Search Sporcle
×
Quiz Lab
Quiz Lab
Gaming
Pokémon
Type in answers that appear in a list
Type in answers that appear in a list
Classic
Best Score? Go Orange.
Pokémon that change type Stats
Can you name the Pokémon change type upon evolving or Mega-evolving?
By
BlueBisharp
10m
87 Questions
119 Plays
119 Plays
119 Plays
Comments
Comments
Give Quiz Kudos
Give Quiz Kudos
-
- Ratings
hide this ad
Replay
Link that replays current quiz
Next Quiz
Link to next quiz in quiz playlist
You Got
0%
They Got
Avg Score
75%
Avg Friend Score
Upgrade to see
Score Distribution
Jump to the score distribution portion of the page
Score
0/87
Timer
10:00
0
Plays Today
Change
Pokémon
% Correct
Fire/
Flying -
> Fire/
Dragon
Charizard
98.3%
Fire -
> Fire/
Flying
Charmeleon
95%
Poison -
> Poison/
Ground
Nidorino
91.3%
Poison -
> Poison/
Ground
Nidorina
91.3%
Bug -
> Bug/
Flying
Metapod
87.4%
Electric -
> Electric/
Psychic
Pikachu
86.6%
Normal -
> Water
Eevee
86.6%
Normal -
> Fire
Eevee
86.6%
Normal -
> Electric
Eevee
86.6%
Normal -
> Psychic
Eevee
86.6%
Normal -
> Dark
Eevee
86.6%
Normal -
> Grass
Eevee
86.6%
Normal -
> Ice
Eevee
86.6%
Normal -
> Fairy
Eevee
86.6%
Ice -
> Ice/
Fairy
Vulpix Alola
85.7%
Water -
> Water/
Fighting
Poliwhirl
85.7%
Ground/
Rock -
> Ground/
Steel
Onix
85.7%
Bug/
Flying -
> Bus/
Steel
Scyther
85.7%
Water/
Flying -
> Water/
Dark
Gyarados
85.7%
Water -
> Water/
Ice
Seel
84%
Bug -
> Bug/
Flying
Pinsir
84%
Water -
> Water/
Flying
Magikarp
83.2%
Grass/
Poison -
> Grass
Gloom
82.4%
Dragon -
> Dragon/
Flying
Dragonair
82.4%
Fairy -
> Fairy/
Flying
Togepi
82.4%
Grass -
> Grass/
Dragon
Sceptile
82.4%
Dragon/
Flying -
> Dragon/
Fairy
Altaria
82.4%
Water -
> Water/
Ice
Shellder
81.5%
Water -
> Water/
Dragon
Seadra
81.5%
Change
Pokémon
% Correct
Fire -
> Fire/
Fighting
Torchic
81.5%
Ice -
> Ice/
Ghost
Snorunt
81.5%
Rock/
Steel -
> Steel
Aggron
81.3%
Fire -
> Fire/
Rock
Slugma
80.7%
Fire -
> Fire/
Fighting
Chimchar
80.7%
Water -
> Water/
Ground
Mudkip
79%
Water -
> Water/
Steel
Prinplup
79%
Bug -
> Bug/
Steel
Pineco
78.8%
Grass/
Psychic -
> Grass/
Dragon
Exeggcute
78.2%
Ground -
> Fire/
Ghost
Cubone
78.2%
Electric -
> Electric/
Dragon
Ampharos
78.2%
Psychic/
Fairy -
> Psychic/
Fighting
Kirlia
78.2%
Normal/
Flying -
> Dragon/
Flying
Swablu
78.2%
Dragon -
> Dragon/
Flying
Shelgon
78.2%
Bug -
> Bug/
Steel/
Ground/
Grass/
Flying
Burmy
78.2%
Water -
> Water/
Psychic
Staryu
77.5%
Psychic -
> Psychic/
Fighting
Mewtwo
77.3%
Bug/
Water -
> Bug/
Flying
Surskit
77.3%
Ground -
> Ground/
Dragon
Trapinch
77.3%
Normal/
Fairy -
> Water/
Fairy
Azurill
76.5%
Grass -
> Grass/
Fighting
Shroomish
76.5%
Grass -
> Grass/
Ground
Grotle
76.5%
Water -
> Water/
Ground
Shellos
76.3%
Grass -
> Grass/
Dark
Seedot
75.6%
Rock/
Ground -
> Rock/
Dark
Pupitar
74.8%
Bug -
> Bug/
Flying
Silcoon
74.8%
Bug/
Ground -
> Bug/
Flying
Nincada
74.8%
Bug/
Ground -
> Bug/
Ghost
Nincada
74.8%
Normal -
> Normal/
Water
Bidoof
74.8%
Change
Pokémon
% Correct
Bug -
> Bug/
Poison
Cascoon
73.9%
Fire -
> Fire/
Fighting
Tepig
73.9%
Fire -
> Fire/
Psychic
Braixen
73.9%
Water -
> Water/
Dark
Frogadier
73.9%
Dragon -
> Dragon/
Fighting
Jangmo-o
73.8%
Fighting -
> Fighting/
Steel
Riolu
71.4%
Water/
Poison -
> Dragon/
Poison
Skrelp
71.4%
Fire -
> Fire/
Dark
Torracat
71.4%
Normal -
> Normal/
Fighting
Lopunny
70.6%
Bug/
Poison -
> Dark/
Poison
Skorupi
70.6%
Grass/
Flying -
> Grass/
Ghost
Dartrix
70.6%
Grass -
> Grass/
Dark
Cacnea
69.7%
Grass -
> Grass/
Fighting
Quilladin
68.9%
Normal/
Flying -
> Fire/
Flying
Fletchling
68.9%
Water -
> Water/
Dark
Corphish
68.1%
Water -
> Water/
Ground
Tympole
68.1%
Fighting -
> Fighting/
Dark
Pancham
68.1%
Water -
> Water/
Fairy
Brionne
68.1%
Fighting -
> Fighting/
Ice
Crabrawler
67.2%
Normal -
> Normal/
Fairy
Audino
66.4%
Normal -
> Normal/
Ground
Bunnelby
66.4%
Bug -
> Bug/
Electric
Grubbin
66.4%
Normal -
> Every type
Type: Null
66.4%
Rock -
> Rock/
Steel
Nosepass
65.5%
Bug -
> Bug/
Flying
Spewpa
65.5%
Psychic -
> Psychic/
Ghost
Cosmoem
63.9%
Psychic -
> Psychic/
Steel
Cosmoem
63.9%
Bug -
> Bug/
Steel
Karrablast
63%
Ground -
> Ground/
Steel
Drilbur
62.2%
Quiz Playlist
Details
Report
Send in Message
Add To Playlist
Classic:
Type in answers that appear in a list
Last Updated: Jul 1, 2017
Quiz Scoreboard
CHALLENGE
Sign Up to Join the Scoreboard
Show All
Scores
Hide
Comments
May contain spoilers
Recently Published
Billboard Blitz: Fleetwood Mac
by CooCooCachoo
Music
15s
Presidents Visiting Landmarks
by Hejman
History
7m
An Introduction to Baseball
by treessimontrees
Sports
5m
More to Explore
Quiz From the Vault
Featured Blog Post
Where Did the Easter Bunny Come From?
hide this ad
You Might Also Like...
Tags
Pokémon Quiz
Evolution
Pre-evolution
Today's Top Quizzes in Gaming
Browse Gaming
hide this ad
Today's Top Quizzes in Pokémon
Browse Pokémon
Top Contributed Quizzes in Gaming
1
5-to-1: Consoles
2
7-to-1: Board Game Piece Blitz
3
5-to-1: Legend of Zelda
4
Destiny 2 exotic weapons by perk icons
5
League of Legends Pro Players by Career/Team History
6
Ultimate Genshin Impact Logic Puzzle (up to 4.3)
7
Franchise by Action Figure
8
Genshin Impact Logic Puzzle Quiz
9
Who's on the WWE 2K24 Cover?
10
Overwatch Logic Puzzle
Explore More
Trending Topics
Kpop
Anime
Harry Potter
Crossword
Marvel
Disney
NBA
NFL
Song
Country
The Office
WWE
Pokémon
Puzzle
Soccer
hide this ad
More By:
BlueBisharp
Quiz
Plays
Rating
Category
Featured
Created
Shiny Pokemon Color
2,735
1.70
Gaming
Feb 5, 2017
Best VGC Pokémons
499
3.50
Gaming
Jul 4, 2018
Criteria Fire Pokémon
361
2.00
Gaming
Aug 23, 2020
Most Used OU Pokémons
346
5.00
Gaming
Jan 25, 2019
Highest pokémon stat by type
294
4.00
Gaming
Feb 5, 2017
Go to Creator's Profile
Score Distribution
Quiz Creator Spotlight
BlueBisharp
Follow
Send a Message
Quizzes Created
-
Created Quiz Play Count
-
More By This Creator
Popular Quizzes Today
1
Find the US States - No Outlines Minefield
2
Find the Countries of Europe - No Outlines Minefield
3
The Countries of the World
4
Find the US States
5
US States
6
Popular People in 1961
7
Risky Map Clicking: Biggest States A-Z
8
Movies - When Are They Set?
More Gaming Quizzes
Genshin Impact or not Genshin Impact Songs
Quiz Lab
Trending Quizzes
Risky Map Clicking: Least Populous States A-Z
1-10 Letter G Words
1-10 Letter F Words
Risky Map Clicking: Next State Alphabetically
Risky Map Clicking: Biggest States A-Z
Recently Updated
Leaping Animals
pecheneg
Reality TV Shows (A-Z)
bhenderson79
Rickey Henderson's Hall of Fame Teammates
pecheneg
Champions League XIs: Arsenal
pecheneg
Quick Pick: Celebrities in WWE's Hall of Fame
aduchscher
A-Z Keypad Blitz II
pecheneg
Multiple Oscar Actors
pecheneg
Mystery Phrase Blitz: Oscar 'Best Actors'
pecheneg
F. Scott Fitzgerald Novels
LTH
Pick 3 Villains
ddd62291
Trending Topics
Kpop
Disney
Harry Potter
Crossword
NBA
Marvel
Anime
Puzzle
The Office
Country
WWE
Soccer
Song
Pokémon
NFL
Your Account Isn't Verified!
In order to create a playlist on Sporcle, you need to verify the email address you used during registration. Go to your
Sporcle Settings
to finish the process.
Report this User
Report this user for behavior that violates our
Community Guidelines
.
Details:
Send Report
Go to the Sporcle.com Mobile Site →
Comments